Score 0/50 Timer 07:00
4 Plays Today
Hint Answer % Correct
Flag ColorGreen
96.3%
Largest StateNiger State
95.7%
Longest RiverNiger River
95.7%
Bordering CountryNiger
95.7%
Flag ColorWhite
95.1%
ContinentAfrica
88.8%
Nationality (Demonym)Nigerian
83.7%
Age of Suffrage18
82.2%
Drives on the...Right
82.1%
Major Religion Christianity
80.6%
Independence FromUnited Kingdom
80.6%
Major Religion Islam
80.4%
Largest CityLagos
77.6%
Smallest StateLagos State
77.6%
Official LanguageEnglish
77.3%
Bordering OceanAtlantic Ocean
75%
Lowest Point (0 m)Atlantic Ocean
75%
CapitalAbuja
74.6%
Third Largest CityAbuja
74.3%
Largest LakeLake Chad
74.1%
Bordering CountryChad
73.5%
Bordering CountryCameroon
71.7%
Bordering CountryBenin
70.7%
Internet Country Code.ng
67.4%
Type of GovernmentPresidential Federal Republic
65.8%
Hint Answer % Correct
Largest Export ItemPetroleum
56.7%
# of States36 (plus Federal Capital Territory)
54%
National AnimalEagle
46.9%
Animal on Coat of ArmsEagle
46.7%
Top Import Partner CountryChina
43.6%
Official NameFederal Republic of Nigeria
40.6%
Major Source of EnergyHydroelectric
39.3%
Major Source of EnergyFossil fuels
34.9%
National Assembly Upper HouseSenate
32.2%
Current PresidentMuhammadu Buhari
31.5%
CurrencyNaira (NGN)
28.5%
Second Largest CityKano
27.1%
Animal on Coat of ArmsHorse
26.9%
National Assembly Lower HouseHouse of Representatives
26.3%
Top Export Partner CountryIndia
24.2%
Independence DayOctober 1, 1960
22.6%
Beginning of British Rule1914
20.5%
Seceded Region (1967-70 Civil War)Biafra
20%
National Football Team NicknameSuper Eagles
18.8%
National MottoUnity and Faith, Peace and Progress
17.7%
National AnthemArise Oh Compatriots, Nigeria's Call Obey
17.6%
First PresidentNnamdi Azikiwe
12.6%
Second Longest RiverBenue River
10%
First African Literature Nobel LaureateWole Soyinka
9.6%
Highest Point (2,419 m)Chappal Waddi
7.7%
Remove Ads.
Support Sporcle.
Get the best of Sporcle when you Go Orange. This ad-free experience offers more features, more stats, and more fun while also helping to support Sporcle. Thank you for becoming a member.

You're not logged in!

Compare scores with friends on all Sporcle quizzes.
OR
Log In

Show Comments

Extras

Top Quizzes Today


Score Distribution

Your Account Isn't Verified!

In order to create a playlist on Sporcle, you need to verify the email address you used during registration. Go to your Sporcle Settings to finish the process.

Report this User

Report this user for behavior that violates our Community Guidelines.

Details: